00378 a2200109 4500001000900000005001700009008004100026245008900067100002700156773007000183999001500253ART_826820260410161557.0260409a 10aModificaciones propuestas a la medición de pasivos dentro del alcance de la NIC 371 aSubelet, Carlos Javier0 tProfesional & Empresariag- Año XII, Nº 129 (jun. 2010)wREV70 c9324d9324